[Event "TCh-TUR 2011"]
[Site "Konya TUR"]
[Date "2011.07.01"]
[Round "4"]
[White "Aydogdu,E"]
[Black "Topak,E"]
[Result "1/2-1/2"]
[WhiteElo "2031"]
[BlackElo "2306"]

1.d4 d6 2.Nf3 g6 3.c4 Bg7 4.Nc3 Nf6 5.e4 O-O 6.Be2 e5 7.O-O Nbd7 8.Qc2 c6
9.Rd1 Qc7 10.Rb1 exd4 11.Nxd4 Re8 12.b4 a5 13.a3 axb4 14.axb4 h6 15.h3 Nh7
16.Be3 Ng5 17.f4 Nxe4 18.Nxe4 f5 19.Nxd6 Qxd6 20.c5 Qe7 21.Bc4+ Kh7 22.Bf2 Nf6
23.Nf3 Be6 24.Bd4 Nd5 25.Qc1 Bg8 26.Ne5 Qh4 27.Nf3 Qe7 28.Ne5 Be6 29.b5 Qc7
30.Rf1 Rad8 31.Ba1 cxb5 32.Rxb5 Re7 33.Kh2 Nxf4 34.Qxf4 Bxc4 35.Nxc4 Qxf4+
36.Rxf4 Bxa1 37.Rf1 Bd4 38.Rfb1 Rdd7 39.Na5 Rc7 40.Nxb7 Re5 41.Rc1 g5  1/2-1/2

[Event "XIX Open A"]
[Site "Montcada i Reixac ESP"]
[Date "2011.07.01"]
[Round "7"]
[White "Cruz,Cr"]
[Black "Cornette,M"]
[Result "1/2-1/2"]
[WhiteElo "2477"]
[BlackElo "2562"]

1.d4 Nf6 2.c4 g6 3.Nc3 Bg7 4.e4 d6 5.Nf3 O-O 6.Be2 e5 7.d5 Na6 8.Bg5 h6 9.Bh4 g5
10.Bg3 Nh5 11.h4 g4 12.Nd2  1/2-1/2

[Event "38th ch-IND w Challengers"]
[Site "Chennai IND"]
[Date "2011.07.02"]
[Round "1"]
[White "Nlv,A"]
[Black "Divya,G"]
[Result "1-0"]
[WhiteElo "2010"]
[BlackElo "1633"]

1.Nf3 Nf6 2.c4 g6 3.Nc3 Bg7 4.e4 d6 5.d4 c6 6.Be2 O-O 7.O-O e5 8.Bg5 Nbd7
9.a3 exd4 10.Nxd4 Qb6 11.Be3 Qc7 12.Qd2 Nc5 13.f3 Re8 14.Rad1 Qe7 15.Nc2 d5
16.cxd5 Nb3 17.Qd3 cxd5 18.Nxd5 Nxd5 19.Qxb3 Nxe3 20.Nxe3 Qc5 21.Kh1 Bxb2
22.Qxb2 Qxe3 23.Bb5 Qb6 24.Rd2 Rd8 25.Rxd8+ Qxd8 26.Bc4 Qe7 27.Bd5 Rb8 28.Rd1 Be6
29.Bxe6 Qxe6 30.h3 a6 31.Qb4 Qc6 32.e5 Re8 33.Rd6 Qc1+ 34.Kh2 a5 35.Qxa5 Qf4+
36.Kg1 Qe3+ 37.Kh2 Rxe5 38.Rd8+ Re8 39.Rxe8+ Qxe8 40.Qc7 Qa8 41.Qd6 Qa6 42.Qxa6 bxa6
43.Kg3 Kg7 44.Kf4 Kf6 45.h4 h6 46.Ke4 Ke6 47.a4 a5 48.Kd4 Kd6 49.Kc4 Kc6
50.g4 g5 51.h5 f6 52.Kd4 Kd6 53.Ke4 Ke6 54.f4 gxf4 55.Kxf4 Ke7 56.Kf3 Kd6
57.Kf4 Ke7 58.Ke3 Kd7 59.Kf4 Ke7 60.Ke3 Kd7 61.Kd3 Ke6 62.Ke4 f5+ 63.gxf5+ Kd6
64.Kf4 Kd5 65.f6 Ke6 66.f7 Kxf7 67.Kf5 Kg7 68.Ke6 Kg8 69.Kf6 Kh7 70.Kf7  1-0

[Event "Karvina Open"]
[Site "Karvina CZE"]
[Date "2011.07.02"]
[Round "1.33"]
[White "Horvath,Tomas"]
[Black "Miturova,M"]
[Result "0-1"]
[WhiteElo "1487"]
[BlackElo "2072"]

1.d4 Nf6 2.c4 g6 3.Nc3 Bg7 4.e4 d6 5.Be2 O-O 6.Nf3 e5 7.dxe5 dxe5 8.Qxd8 Rxd8
9.Nxe5 Nxe4 10.Nxe4 Bxe5 11.O-O f5 12.Ng3 Nc6 13.Rb1 Re8 14.f4 Bd4+ 15.Kh1 h5
16.h4 Bf6 17.Bf3 Nd4 18.Bd2 Nxf3 19.Rxf3 Bxh4 20.Re3 Rxe3 21.Bxe3 Bxg3  0-1

[Event "Ladislava Kotana Mem"]
[Site "Kosice SVK"]
[Date "2011.07.02"]
[Round "9"]
[White "Odnorozhenko,E"]
[Black "Mazur,Ste"]
[Result "1-0"]
[WhiteElo "2319"]
[BlackElo "2372"]

1.d4 Nf6 2.c4 g6 3.Nc3 Bg7 4.e4 d6 5.Nf3 O-O 6.Be2 e5 7.d5 a5 8.Bg5 h6 9.Bh4 Na6
10.Nd2 Qe8 11.O-O Nh7 12.a3 Bd7 13.Rb1 a4 14.Nb5 Bxb5 15.cxb5 Nc5 16.f3 Nf6
17.b4 axb3 18.Nxb3 Nxb3 19.Qxb3 Nd7 20.b6 Nxb6 21.Rfc1 Qb8 22.Bf2 h5 23.Bb5 Bh6
24.Rc2 Qd8 25.a4 f6 26.Qc3 Rf7 27.a5 Nc8 28.Bf1 b6 29.a6 Ra7 30.Ra1 Ne7 31.Bb5 Kg7
32.Ra4 f5 33.Rc4 Ng8 34.Qd3 fxe4 35.fxe4 Nf6 36.h3 Nd7 37.R4c3 Nc5 38.Bxc5 dxc5
39.Bc6 Qh4 40.Re2 Qf4 41.Ra2 Qh4 42.Re2 g5 43.Bb7 Qf4 44.Qf3 g4 45.hxg4 hxg4
46.Qxf4 Rxf4 47.g3 Rf3 48.Rec2 Be3+ 49.Kg2 Kf6 50.Bc8 Kg5 51.Rb3 Bd4 52.Rxf3 gxf3+
53.Kxf3 b5 54.Bb7 b4 55.Ke2 b3 56.Rc1 b2 57.Rf1 c4 58.Kd2 c3+ 59.Kc2 Kg4
60.Rf7 Bb6 61.Rf6 Ba5 62.Rf5 Kxg3 63.Rxe5 Kf4 64.Re6 Ke3 65.Rc6 Kd4 66.Rh6 Bb4
67.Rh3 Bd6 68.Rd3+ Kxe4 69.Rxc3 Kf4 70.Rc4+ Kf5 71.Kxb2 Kf6 72.Re4 Be5+ 73.Kb3 Kf5
74.Re2 Bd6 75.Kc4 Kf6 76.Kb5 Kf7 77.Kc6 Bg3 78.Kd7 Bd6 79.Rf2+  1-0

[Event "Ladislava Kotana Mem"]
[Site "Kosice SVK"]
[Date "2011.07.02"]
[Round "9"]
[White "Gorbatenko,K"]
[Black "Kusiak,M"]
[Result "0-1"]
[WhiteElo "2145"]
[BlackElo "2116"]

1.d4 Nf6 2.c4 g6 3.Nc3 Bg7 4.e4 d6 5.Nf3 O-O 6.Be2 e5 7.d5 a5 8.Bg5 h6 9.Bh4 Na6
10.Nd2 Nc5 11.O-O Bd7 12.b3 Qc8 13.a3 Nh7 14.b4 Na6 15.Qb3 f5 16.exf5 gxf5
17.c5 axb4 18.c6 bxc6 19.dxc6+ Be6 20.Bc4 Nc5 21.Bxe6+ Qxe6 22.Qxe6+ Nxe6
23.axb4 Rxa1 24.Rxa1 e4 25.Rc1 Nf4 26.Bg3 Nd3 27.Rc2 Nxb4 28.Rc1 Nd3 29.Rc2 f4
30.Bh4 e3 31.fxe3 fxe3 32.Nf3 Nb4 33.Rc1 Nd3 34.Rc2 Rb8 35.h3 Nf4 36.Bg3 Nh5
37.Bh4 N7f6 38.Kh2 Nf4 39.Bxf6 Bxf6 40.g3 Bxc3 41.Rxc3 Rb2+ 42.Kh1 Nd5 43.Rd3 Rf2
44.Ng1 Rd2 45.Rb3 e2  0-1

[Event "1st ch-CHN Rapid w Prelim"]
[Site "Hefei CHN"]
[Date "2011.07.03"]
[Round "3.5"]
[White "Li Xueyi"]
[Black "Gu Xiaobing"]
[Result "1-0"]
[WhiteElo "2082"]
[BlackElo "2341"]

1.d4 Nf6 2.c4 g6 3.Nc3 Bg7 4.e4 d6 5.Be2 O-O 6.Nf3 e5 7.O-O Na6 8.Be3 c6
9.h3 Qe8 10.dxe5 dxe5 11.c5 Nh5 12.Nd2 Nf4 13.Nc4 Nxe2+ 14.Qxe2 f5 15.Nd6 Qe7
16.Nxc8 Raxc8 17.Qc4+ Kh8 18.f3 Nc7 19.Rad1 Ne6 20.Rd6 Nd4 21.Ne2 b5 22.Qd3 fxe4
23.fxe4 Rxf1+ 24.Kxf1 Qf7+ 25.Kg1 Nxe2+ 26.Qxe2 Qxa2 27.Qd2 Qb1+ 28.Kh2 Rf8
29.Rd7 Rg8 30.Bg5 Qa2 31.Qd6 Qc4 32.Bf6 Qf1 33.Bxg7+ Rxg7 34.Rd8+  1-0

[Event "10th La Fere Open"]
[Site "La Fere FRA"]
[Date "2011.07.03"]
[Round "2.19"]
[White "Wolfangel,C"]
[Black "Rouffignac,T"]
[Result "0-1"]
[WhiteElo "1751"]
[BlackElo "1964"]

1.d4 Nf6 2.Nf3 g6 3.c4 Bg7 4.Nc3 O-O 5.e4 d6 6.Be2 e5 7.dxe5 dxe5 8.Qxd8 Rxd8
9.Bg5 Nbd7 10.O-O-O Rf8 11.h3 c6 12.Rd6 h6 13.Bh4 Re8 14.Rhd1 g5 15.Bg3 Bf8
16.R6d2 Bb4 17.Nh2 Bxc3 18.bxc3 Nxe4 19.Rxd7 Bxd7 20.Rxd7 Nc5 21.Rd6 f5 22.f3 e4
23.Rxh6 exf3 24.Bxf3 f4 25.Rg6+ Kh8 26.Rxg5 fxg3 27.Rxg3 Rad8 28.Rg5 Re1+
29.Kc2 Nd3 30.Ng4 Ra1 31.Rh5+ Kg7 32.Rg5+ Kf7 33.Nh6+ Kf6 34.Ra5 a6 35.Ng4+ Kg7
36.Rg5+ Kf7 37.Nh6+ Kf6 38.Ra5 Rg1 39.Be4 Ne1+ 40.Kb3 Nxg2 41.Ng4+ Ke7 42.Rg5 Nf4
43.Rg7+ Kd6 44.Rxb7 Nxh3 45.Nh6 Re8 46.Nf7+ Kc5 47.Bc2 Rg2 48.Ra7 Ree2  0-1

[Event "38th ch-IND w Challengers"]
[Site "Chennai IND"]
[Date "2011.07.04"]
[Round "4"]
[White "Nlv,A"]
[Black "Meera,S"]
[Result "1/2-1/2"]
[WhiteElo "2010"]
[BlackElo "2119"]

1.Nf3 Nf6 2.c4 g6 3.Nc3 Bg7 4.e4 d6 5.d4 O-O 6.Be2 e5 7.dxe5 dxe5 8.Qxd8 Rxd8
9.Bg5 c6 10.Nxe5 Re8 11.O-O-O Na6 12.Rd6 Nc5 13.Bxf6 Bxf6 14.Rxf6 Rxe5 15.Rd6 Nxe4
16.Nxe4 Rxe4 17.Rd8+ Kg7 18.Bd3 Re7 19.Rd1 b6 20.c5 Bb7 21.Rxa8 Bxa8 22.Ba6 Bb7
23.Bxb7 Rxb7 24.Rd6 Rc7 25.b4 Kh6 26.Kd2 Kg5 27.Ke3 Re7+  1/2-1/2

[Event "19th Klatovy Open"]
[Site "Klatovy CZE"]
[Date "2011.07.04"]
[Round "3"]
[White "Kopta,P"]
[Black "Neuman,P"]
[Result "1/2-1/2"]
[WhiteElo "2291"]
[BlackElo "2454"]

1.d4 Nf6 2.c4 g6 3.Nc3 Bg7 4.e4 d6 5.Nf3 O-O 6.Be2 e5 7.O-O Nh5 8.Bg5 f6
9.Be3 Nf4 10.Re1 Nxe2+ 11.Qxe2 Bg4 12.h3 Bxf3 13.Qxf3 exd4 14.Bxd4 Nc6 15.Be3 f5  1/2-1/2

[Event "TCh-TUR 2011"]
[Site "Konya TUR"]
[Date "2011.07.04"]
[Round "8"]
[White "Deruni,B"]
[Black "Duman,A"]
[Result "1-0"]
[WhiteElo "2125"]
[BlackElo "2188"]

1.d4 Nf6 2.Nf3 g6 3.c4 Bg7 4.Nc3 O-O 5.e4 d6 6.Be2 e5 7.O-O Na6 8.Be3 c6
9.d5 Ng4 10.Bg5 f6 11.Bh4 h5 12.h3 Nh6 13.Nd2 c5 14.a3 Qd7 15.Rb1 f5 16.exf5 Nxf5
17.Bg5 Bf6 18.Bxf6 Rxf6 19.Nde4 Rf8 20.Qd2 Qe7 21.f4 Bd7 22.Bd3 Rae8 23.Rbe1 h4
24.Ng5 Ng3 25.Rf3 Bf5 26.fxe5 Bxd3 27.Rxd3 Qxe5 28.Ne6 Rf5 29.Qd1 Qf6 30.Ne4 Nxe4
31.Rxe4 Nc7 32.Rde3 Nxe6 33.Rxe6 Rxe6 34.Rxe6 Qxb2 35.Rxg6+ Kf7 36.Rg4 Qxa3
37.Qe1 Kf8 38.Rxh4 Qb2 39.Re4 Re5 40.Rf4+ Ke8 41.Qg3 Re7 42.Qg4 Re1+ 43.Kh2 Kd8
44.Qh4+ Re7 45.Rf8+ Kd7 46.Qg4+  1-0

[Event "10th La Fere Open"]
[Site "La Fere FRA"]
[Date "2011.07.04"]
[Round "4.13"]
[White "Dagnicourt,F"]
[Black "Rouffignac,T"]
[Result "0-1"]
[WhiteElo "1729"]
[BlackElo "1964"]

1.d4 Nf6 2.c4 g6 3.Nc3 Bg7 4.Nf3 O-O 5.e4 d6 6.Be2 e5 7.d5 Nbd7 8.O-O Nc5
9.Qc2 a5 10.Be3 b6 11.Nd2 Ng4 12.Bxg4 Bxg4 13.f3 Bd7 14.g4 Kh8 15.Rf2 Qe7
16.g5 f5 17.h4 Rf7 18.Raf1 Raf8 19.Rh2 fxe4 20.fxe4 Bg4 21.Qb1 Qd7 22.Rxf7 Rxf7
23.Rf2 Rxf2 24.Bxf2 Bh3 25.Bg3 Qg4 26.Kh2 h6 27.Qd1 Qd7 28.Nf1 hxg5 29.hxg5 Bg4
30.Qd2 Bf3 31.Qe3 Qg4 32.Nd2 Qh5+  0-1

[Event "9th Niki Open"]
[Site "Nachod CZE"]
[Date "2011.07.04"]
[Round "3.13"]
[White "Franek,Jan2"]
[Black "Karlik,V"]
[Result "1/2-1/2"]
[WhiteElo "1891"]
[BlackElo "2268"]

1.d4 Nf6 2.c4 g6 3.Nc3 Bg7 4.e4 d6 5.Be2 O-O 6.Nf3 Nbd7 7.O-O e5 8.d5 Nc5
9.Qc2 a5 10.Ne1 Bd7 11.f3 Nh5 12.Nd3 Nxd3 13.Bxd3 Nf4 14.Be3 b6 15.a3 a4
16.Ne2 Nxd3 17.Qxd3 f5 18.b4 axb3 19.Qxb3 Qh4 20.Bf2 Qg5 21.Be3 Qh4 22.Bf2 Qh5
23.a4 Bh6 24.a5 bxa5 25.c5 Rfb8 26.Qa3 Bb5 27.Ng3 Qg5 28.Rfb1 f4 29.Nf1 Qd8
30.Rb2 Bxf1 31.Kxf1  1/2-1/2

[Event "ch-NOR"]
[Site "Oslo NOR"]
[Date "2011.07.04"]
[Round "3"]
[White "Elsness,F"]
[Black "Thomassen,J"]
[Result "0-1"]
[WhiteElo "2485"]
[BlackElo "2400"]

1.d4 Nf6 2.c4 g6 3.Nc3 Bg7 4.e4 d6 5.Nf3 O-O 6.Be2 Na6 7.O-O e5 8.Be3 Ng4
9.Bg5 Qe8 10.Re1 exd4 11.Nd5 f6 12.Bf4 d3 13.Qxd3 Ne5 14.Qd2 Qf7 15.Rad1 Nc5
16.Qc2 c6 17.Ne3 Ne6 18.Bxe5 dxe5 19.c5 Qe7 20.Rd6 Kh8 21.b4 f5 22.Nc4 fxe4
23.Qxe4 Ng5 24.Qe3 Nf7 25.Rdd1 e4 26.Nfd2 Bf5 27.Bf3 Bh6 28.Qc3+ Bg7 29.Qe3 Bh6
30.Qe2 Ng5 31.Bxe4 Nxe4 32.Nxe4 Qh4 33.Ncd6 Bg4 34.f3 Be6 35.Nxb7 Rab8 36.Ned6 Bd5
37.Qb2+ Bg7 38.Qd2 g5 39.a3 g4 40.fxg4 Qxg4 41.Re7 Rf4 42.h3 Qg3 43.Re3 Bd4
44.Qxd4+ Rxd4 45.Rxg3 Rxd1+ 46.Kh2 Rg8 47.Rxg8+ Kxg8 48.Nf5 Kf7 49.Ne3 Ra1
50.Nxd5 cxd5 51.c6 Ke7 52.a4 d4 53.Nc5 Kd6 54.b5 Rc1 55.Nb3 d3 56.a5 Rc3
57.Nd2 Ra3 58.b6 axb6  0-1

[Event "86th ch-Paris IdF"]
[Site "Paris FRA"]
[Date "2011.07.04"]
[Round "3.19"]
[White "Spielmann,Al"]
[Black "Tate,A"]
[Result "1/2-1/2"]
[WhiteElo "2266"]
[BlackElo "2342"]

1.Nf3 Nf6 2.c4 g6 3.Nc3 Bg7 4.e4 d6 5.d4 O-O 6.Be2 Nbd7 7.O-O e5 8.Be3 Re8
9.d5 Nh5 10.g3 Bf8 11.Ne1 Ng7 12.Nd3 f5 13.f3 Be7 14.Qd2 Nf6 15.Kh1 fxe4
16.Nxe4 Nf5 17.Ndf2 Rf8 18.Nxf6+ Bxf6 19.Ne4 Nxe3 20.Qxe3 Bf5 21.Bd3 Qe7
22.Rae1 a6 23.Nf2 Rae8 24.Be4 Qd8 25.b3 Kg7 26.Bxf5 gxf5 27.Nd3 Bg5 28.Qf2 Bf6
29.Qe3 Qd7 30.f4 e4 31.Nf2 h5 32.h4 Kg6 33.Nh3 Qg7 34.Rd1 b6 35.Ng5 Bxg5
36.hxg5 Rh8 37.Kg2 h4 38.Rh1 hxg3 39.Kxg3 Rxh1 40.Rxh1 Rh8 41.Rxh8 Qxh8 42.Kg2 Qa1
43.Qf2 Kf7 44.Qd2 Ke7 45.Kf2 Kd8 46.Kg2 Kd7 47.Qf2 Qc3 48.g6 e3 49.Qe2 Qd4
50.g7 Qxg7+ 51.Kf3 Qg4+ 52.Kxe3 Qg1+ 53.Kd3 Qb1+ 54.Qc2 Qf1+ 55.Qe2 Qb1+
56.Qc2 Qf1+ 57.Qe2 Qb1+  1/2-1/2

[Event "ch-POR w 2011"]
[Site "Vila Nova de Foz Coa POR"]
[Date "2011.07.04"]
[Round "4.2"]
[White "Monteiro,S"]
[Black "Pintor,Ar"]
[Result "0-1"]
[WhiteElo "1870"]
[BlackElo "2095"]

1.d4 Nf6 2.c4 g6 3.Nc3 Bg7 4.e4 d6 5.Nf3 O-O 6.Be2 e5 7.dxe5 dxe5 8.Qxd8 Rxd8
9.Bg5 c6 10.Nxe5 Re8 11.O-O-O Na6 12.f3 h6 13.Bf4 Nh5 14.Nd3 Be6 15.Be5 Bxc4
16.Bxg7 Nxg7 17.b3 Bxd3 18.Bxd3 Nc5 19.Bc2 a5 20.a3 Red8 21.Rxd8+ Rxd8 22.Rd1 Rxd1+
23.Kxd1 Nge6 24.Ne2 Kf8 25.Kd2 Ke7 26.Kc3 Kd6 27.Nd4 Nxd4 28.Kxd4 Ne6+ 29.Ke3 Kc5
30.f4 Nd4 31.Bd3 Nxb3 32.g4 b5 33.e5 Nd4 34.h4 b4 35.axb4+ axb4 36.Ke4 b3
37.Bb1 Ne2 38.f5 Nc3+ 39.Kf4 Nxb1 40.e6 Kd6 41.exf7 Ke7 42.fxg6 Nd2 43.g5 hxg5+
44.Kxg5 b2 45.Kh6 b1=Q 46.h5  0-1

[Event "6th Polonia Wroclaw Open A"]
[Site "Wroclaw POL"]
[Date "2011.07.04"]
[Round "1"]
[White "Gajdamowicz,P"]
[Black "Iwanow,A"]
[Result "0-1"]
[WhiteElo "1903"]
[BlackElo "2162"]

1.d4 g6 2.e4 Bg7 3.c4 d6 4.Nc3 Nf6 5.Nf3 O-O 6.Be2 Nbd7 7.O-O e5 8.Re1 c6
9.Bf1 h6 10.Rb1 Nh7 11.dxe5 dxe5 12.b4 a5 13.b5 Qf6 14.bxc6 bxc6 15.Ba3 Rd8
16.Qd6 Bf8 17.Qxf6 Nhxf6 18.Bxf8 Kxf8 19.Red1 Ke7 20.Ne1 Ba6 21.f3 Nc5 22.Kf2 Nfd7
23.Ke3 f5 24.Nd3 Ne6 25.Ne1 Nd4 26.Rb2 Rab8 27.Rdb1 Rxb2 28.Rxb2 Nc5 29.f4 Nde6
30.fxe5 f4+ 31.Kf2 Ng5 32.Be2 Ke6 33.h4 Ngxe4+ 34.Nxe4 Nxe4+ 35.Kf3 Kxe5
36.Bd3 Nc5 37.Bxg6 Bxc4 38.Rc2 Bd5+ 39.Kg4 Rg8 40.Rxc5 Rxg6+ 41.Kh5 Kf6 42.Nf3 Rxg2
43.Nd4 Kg7  0-1

[Event "1st ch-CHN Rapid Men Prelim"]
[Site "Hefei CHN"]
[Date "2011.07.05"]
[Round "9.4"]
[White "Xu Jun"]
[Black "Wen Yang"]
[Result "0-1"]
[WhiteElo "2498"]
[BlackElo "2558"]

1.Nf3 Nf6 2.c4 g6 3.Nc3 Bg7 4.e4 d6 5.d4 O-O 6.Be2 e5 7.d5 a5 8.Bg5 h6 9.Bh4 Na6
10.Nd2 Qe8 11.O-O Nh7 12.a3 Bd7 13.b3 h5 14.f3 Bh6 15.Qc2 f5 16.Rab1 Be3+
17.Kh1 Bc5 18.Qc1 Qf7 19.Na2 Be3 20.Nc3 Qg7 21.Bf2 Bf4 22.Qc2 Qh6 23.Rfd1 h4
24.b4 h3 25.g3 Be3 26.Bxe3 Qxe3 27.Qd3 Qf2 28.Rg1 axb4 29.axb4 Nf6 30.Nd1 Qb6
31.c5 Qa7 32.c6 fxe4 33.fxe4 bxc6 34.dxc6 Bg4 35.Ne3 Bxe2 36.Qxe2 Qd4 37.Nc2 Qb6
38.Rgc1 Qb8 39.Ne3 Kg7 40.Rc4 Qb5 41.Qd3 Nb8 42.Qc3 Ra2 43.Rd1 Rf7 44.Qb3 Ra6
45.Rdc1 Rxc6 46.Qc3 Rxc4 47.Qxc4 Qb6 48.Rc3 Qa7 49.b5 Nbd7 50.Qxc7 Qd4 51.Nf3 Qxe4
52.Qc6 d5  0-1

[Event "1st ch-CHN Rapid Men Prelim"]
[Site "Hefei CHN"]
[Date "2011.07.05"]
[Round "9.6"]
[White "Xiu Deshun"]
[Black "Wan Yunguo"]
[Result "0-1"]
[WhiteElo "2519"]
[BlackElo "2462"]

1.d4 Nf6 2.c4 g6 3.Nc3 Bg7 4.e4 d6 5.Nf3 O-O 6.Be2 e5 7.Be3 Nbd7 8.O-O Re8
9.d5 Nh5 10.g3 Bf8 11.Ne1 Ng7 12.f3 f5 13.Nd3 Be7 14.Qd2 Rf8 15.b4 Nf6 16.c5 fxe4
17.fxe4 Bh3 18.Rfc1 Ng4 19.Bxg4 Bxg4 20.b5 h5 21.Rf1 Bf3 22.Rf2 Bg4 23.Rxf8+ Qxf8
24.Rf1 Qd8 25.Qf2 Qf8 26.c6 b6 27.Qd2 Qd8 28.Kg2 Bc8 29.a4 a6 30.Qf2 axb5
31.Bh6 Qf8 32.Qxf8+ Bxf8 33.Nxb5 Rxa4 34.Nxc7 Rxe4 35.Bxg7 Bxg7 36.Ne8 Ba6
37.c7 Rc4 38.Rc1 Rxc1 39.Nxc1 Bf8 40.Nf6+ Kf7 41.Nd7 Bh6 42.Ne2 Be3 43.Kf3 Bc5
44.Nc3 Ke7 45.Nb8 Bb7 46.Ke4 b5 47.Nxb5 Bb6 48.Kd3 Bg1 49.Ke2 e4 50.Nc3 Bb6
51.Nb5 Bc8 52.Nc6+ Kd7 53.Nb8+ Ke7 54.Nc6+ Kd7 55.Nb8+ Ke7 56.Nc6+ Kd7 57.Nc3 Ba6+
58.Ke1 Bd3 59.Ne7 Bxc7 60.Nxg6 e3 61.Nf4 Bc4 62.Nce2 Ba5+ 63.Kd1 Bd2 64.Kc2 Ke7
65.Nd4 Kf6 66.Nf3 Bb4 67.Nxh5+ Kf5 68.Nf4 Ke4 69.Ng5+ Kf5 70.Nge6 Ke4 71.Kd1 Kf3
72.Nd4+ Kf2 73.Nde2 Bb3+ 74.Kc1 Bd2+ 75.Kb2 Bxd5 76.Nd4 Bc4 77.Kc2 Ba5 78.Kd1 Bc3
79.Nde2 Be5 80.Nc1 Bxf4 81.gxf4 Bb3+  0-1

[Event "19th Klatovy Open"]
[Site "Klatovy CZE"]
[Date "2011.07.05"]
[Round "4"]
[White "Neuman,P"]
[Black "Marsalek,Z"]
[Result "1/2-1/2"]
[WhiteElo "2454"]
[BlackElo "2266"]

1.d4 Nf6 2.c4 g6 3.Nc3 Bg7 4.e4 d6 5.Nf3 O-O 6.Be2 e5 7.Be3 Nc6 8.d5 Ne7
9.Nd2 c5 10.g4 Ne8 11.h4 f5 12.f3 Bd7 13.h5 f4 14.Bf2 g5 15.a3 h6 16.b4 b6
17.Bd3 Nc7 18.Bc2 Na6 19.Rb1 Rf7 20.Ba4 Bxa4 21.Qxa4 Nc7 22.Ke2 Nc8 23.Rb2 Bf8
24.Rhb1 Qd7 25.Qxd7 Rxd7 26.Na2 Na6 27.Nc1 Be7 28.Nd3 Kf8 29.Nb3 Bd8 30.bxc5 bxc5
31.Nbxc5 dxc5 32.Nxe5 Rc7 33.Kd3 Ke8 34.Rb5 Nd6 35.Ra5 Rb8 36.Rxa6 Rxb1 37.Rxd6 Rcb7
38.Re6+ Re7 39.Rxe7+ Bxe7 40.Kc2 Ra1 41.Nd3 Ra2+ 42.Kb3 Rd2 43.Kc3 Ra2 44.Kb3 Rd2
45.Kc3 Ra2 46.e5 Rxa3+ 47.Kc2 Ra2+ 48.Kb3 Re2 49.d6 Bd8 50.Bxc5 Bb6  1/2-1/2

[Event "ch-NOR"]
[Site "Oslo NOR"]
[Date "2011.07.05"]
[Round "4"]
[White "Hole,O"]
[Black "David,Ed"]
[Result "1-0"]
[WhiteElo "2383"]
[BlackElo "2277"]

1.Nf3 Nf6 2.c4 g6 3.Nc3 Bg7 4.e4 d6 5.d4 O-O 6.Be2 Nbd7 7.O-O e5 8.Be3 Re8
9.d5 Nh5 10.g3 Bf8 11.Ne1 Ng7 12.b4 f5 13.f3 Be7 14.Nd3 Bg5 15.Qd2 Bxe3+
16.Qxe3 Rf8 17.c5 f4 18.gxf4 exf4 19.Nxf4 Ne5 20.Ng2 g5 21.f4 gxf4 22.Rxf4 Rxf4
23.Qxf4 Ng6 24.Qf2 Bh3 25.Qg3 Bxg2 26.Kxg2 Qe7 27.c6 b6 28.Rf1 a5 29.b5 Re8
30.Bg4 Rf8 31.Rxf8+ Kxf8 32.Be6 Nxe6 33.dxe6 Qxe6 34.Nd5 Kg8 35.Kf3 Qf7+
36.Ke2 Qg7 37.Qg5 Qb2+ 38.Kf3 Qxh2 39.Nxc7 Qh3+ 40.Kf2 Qh2+ 41.Ke3 Qc2 42.Qd8+ Kg7
43.Ne6+ Kf7 44.Ng5+ Kg7 45.Qd7+ Kh6 46.Nf7+ Kg7 47.Nxd6+ Kf6 48.Ne8+ Kg5
49.Qd2 Qc5+ 50.Kf3+  1-0

[Event "38th ch-IND w Challengers"]
[Site "Chennai IND"]
[Date "2011.07.06"]
[Round "7"]
[White "Nlv,A"]
[Black "Lasya,G"]
[Result "0-1"]
[WhiteElo "2010"]
[BlackElo "1898"]

1.Nf3 Nf6 2.c4 g6 3.Nc3 Bg7 4.e4 d6 5.d4 O-O 6.Be2 e5 7.dxe5 dxe5 8.Qxd8 Rxd8
9.Bg5 Nbd7 10.O-O-O Rf8 11.Ne1 Nc5 12.f3 Ne6 13.Be3 b6 14.Nd5 c5 15.Nc2 Nxd5
16.cxd5 Nd4 17.Bc4 Bd7 18.h4 b5 19.Bf1 h5 20.Nxd4 exd4 21.Bf4 a5 22.g3 a4
23.Bh3 Bxh3 24.Rxh3 b4 25.Bd6 Rfc8 26.e5 b3 27.a3 c4 28.Rxd4 c3 29.Rh2 Ra6
30.Rd1 c2 31.Re1 f6 32.f4 Re8 33.Rhe2 fxe5 34.Bxe5 Ra5 35.Rd2 Kf7 36.Rf1 Bh6
37.Bc7 Ra7 38.d6 Bf8 39.d7 Rxc7 40.dxe8=Q+ Kxe8 41.Re1+ Kf7 42.Rd4 Bc5 43.Rd2 Kf6
44.Rd3 Re7 45.Rxe7 Kxe7 46.Kd2 Ke6 47.Rc3 Kd5 48.Rd3+ Bd4 49.g4 hxg4 50.f5 g3
51.Rxg3 Bxb2 52.Rg1 c1=Q+ 53.Rxc1 Bxc1+ 54.Kxc1 gxf5  0-1

[Event "38th ch-IND w Challengers"]
[Site "Chennai IND"]
[Date "2011.07.06"]
[Round "7"]
[White "Bhakti,K"]
[Black "Saranya,J"]
[Result "1-0"]
[WhiteElo "2317"]
[BlackElo "2121"]

1.d4 Nf6 2.c4 g6 3.Nc3 Bg7 4.e4 d6 5.Nf3 O-O 6.Be2 e5 7.d5 Nbd7 8.Bg5 h6
9.Bh4 g5 10.Bg3 Nh5 11.h4 g4 12.Nh2 Nxg3 13.fxg3 h5 14.O-O Nf6 15.Qd2 Nh7
16.Bd3 f6 17.Rf2 Qe8 18.Nf1 a6 19.Ne3 Bh6 20.Qe2 Qg6 21.Rb1 Bd7 22.b4 b6
23.c5 bxc5 24.bxc5 dxc5 25.Rb7 Rac8 26.d6 Bxe3 27.Qxe3 f5 28.Bc4+ Kh8 29.dxc7 f4
30.Qxc5 Qg7 31.Nd5 fxg3 32.Rxf8+ Rxf8 33.Rb8 Qh6 34.Rxf8+ Nxf8 35.Bf1 Bc8
36.Nb6 Qf6 37.Nxc8 Ne6 38.Ne7 Nxc5 39.c8=Q+ Kh7 40.Qg8+ Kh6 41.Nf5+  1-0

[Event "1st ch-CHN Rapid KO"]
[Site "Hefei CHN"]
[Date "2011.07.06"]
[Round "1.2"]
[White "Li Chao2"]
[Black "Ding Liren"]
[Result "1/2-1/2"]
[WhiteElo "2669"]
[BlackElo "2654"]

1.d4 Nf6 2.c4 g6 3.Nc3 Bg7 4.e4 d6 5.Nf3 O-O 6.Be2 e5 7.O-O exd4 8.Nxd4 Re8
9.f3 c6 10.Be3 d5 11.cxd5 Nxd5 12.Nxd5 cxd5 13.Qb3 Nc6 14.Rad1 Bxd4 15.Bxd4 Nxd4
16.Rxd4 Qf6 17.Qxd5 Be6 18.Qc5 Rec8 19.Qb4 a5 20.Qa4 Rc2 21.Qxc2 Qxd4+ 22.Kh1 Rc8
23.Qd3 Qxb2 24.f4 Qc2 25.a4 Qxd3 26.Bxd3 Rc3 27.Bb5 Bc4 28.Rd1 Bxb5 29.axb5 Rb3  1/2-1/2

[Event "10th La Fere Open"]
[Site "La Fere FRA"]
[Date "2011.07.06"]
[Round "6.24"]
[White "Paillard,M"]
[Black "Mataigne,J"]
[Result "0-1"]
[WhiteElo "1703"]
[BlackElo "2017"]

1.Nf3 g6 2.d4 Nf6 3.c4 Bg7 4.Nc3 O-O 5.e4 d6 6.Be2 e5 7.d5 Na6 8.h3 Nc5 9.Qc2 a5
10.Be3 Nh5 11.g4 Nf4 12.O-O-O b6 13.Rdg1 Bd7 14.Ne1 c6 15.Ng2 cxd5 16.cxd5 Rc8
17.Kb1 a4 18.Qd2 b5 19.f3 b4 20.Nd1 Qa5 21.Bxc5 Rxc5 22.Nde3 Rfc8 23.Nxf4 exf4
24.Nc4 Rxc4 25.Bxc4 Rxc4 26.Rc1 Rxc1+ 27.Rxc1 Qb6 28.Rc4 b3 29.axb3 Qxb3
30.Qb4 Qxf3 31.Qxd6 Qd1+ 32.Rc1 Qd3+ 33.Rc2 f3 34.Qf4 Bd4 35.Qb8+ Kg7 36.Kc1 Qxe4  0-1

[Event "ch-NOR"]
[Site "Oslo NOR"]
[Date "2011.07.06"]
[Round "5"]
[White "Urkedal,F"]
[Black "Tjolsen,K"]
[Result "1-0"]
[WhiteElo "2448"]
[BlackElo "2225"]

1.d4 Nf6 2.c4 g6 3.Nc3 Bg7 4.e4 O-O 5.Nf3 d6 6.Be2 e5 7.d5 a5 8.h3 Na6 9.Bg5 h6
10.Be3 Bd7 11.Nd2 Nc5 12.b3 Nh7 13.g4 b6 14.Rg1 Ng5 15.Bf1 Nh7 16.Qc2 Kh8
17.O-O-O Na6 18.a3 Nc5 19.Be2 f5 20.gxf5 gxf5 21.Rg6 Rf6 22.Rg2 Qe7 23.Rdg1 Rg8
24.exf5 Bxf5 25.Nde4 Rff8 26.Bxc5 bxc5 27.Bg4 Bxe4 28.Nxe4 Rf4 29.Be6 Ng5
30.Nxg5 hxg5 31.Rxg5 Rh4 32.Qg6 Qf8 33.Bxg8 Bh6  1-0

[Event "XXVI Tadeusza Gniota"]
[Site "Police POL"]
[Date "2011.07.06"]
[Round "2.11"]
[White "Schmidt,Wl"]
[Black "Moritz,A"]
[Result "0-1"]
[WhiteElo "2398"]
[BlackElo "2091"]

1.d4 Nf6 2.c4 g6 3.Nc3 Bg7 4.e4 d6 5.Nf3 O-O 6.Be2 Nbd7 7.O-O e5 8.Re1 Re8
9.Bf1 h6 10.d5 Nh7 11.Qc2 Rf8 12.b4 f5 13.Nd2 f4 14.c5 Ndf6 15.a4 g5 16.Ra3 g4
17.cxd6 cxd6 18.Nb5 Ne8 19.Rc3 a6 20.Na3 Bd7 21.a5 Qh4 22.Nac4 Bb5 23.Nb6 Bxf1
24.Nxa8 Bxg2 25.Kxg2 Ng5 26.Nc4 Nf6 27.Nxd6 Nf3 28.Kf1 Qxh2 29.Rd1 Nd4 30.Rxd4 exd4
31.Rc7 Qh1+ 32.Ke2 Qf3+ 33.Ke1 g3 34.Qe2 Qh1+ 35.Kd2 g2  0-1

[Event "ch-BEL"]
[Site "Antwerp BEL"]
[Date "2011.07.07"]
[Round "6.1"]
[White "Van der Stricht,G"]
[Black "Meessen,R"]
[Result "1/2-1/2"]
[WhiteElo "2374"]
[BlackElo "2291"]

1.d4 Nf6 2.c4 g6 3.Nc3 Bg7 4.e4 d6 5.Be2 O-O 6.Nf3 e5 7.Be3 Nh5 8.dxe5 dxe5
9.Qxd8 Rxd8 10.Nd5 Na6 11.O-O-O Bg4 12.h3 Bxf3 13.Bxf3 c6 14.Ne7+ Kf8 15.Bxh5 Kxe7
16.Bf3 b6 17.h4 Rxd1+ 18.Bxd1 h5 19.g4 hxg4 20.h5 gxh5 21.Rxh5 Bf6 22.Bxg4 Rg8
23.f3 c5 24.a3 Nc7 25.b4 cxb4 26.axb4 Ne6 27.Bxe6 Kxe6 28.Kc2 Rg3 29.Rf5 Rg2+
30.Kc3 Be7 31.c5 bxc5 32.Bxc5 Bxc5 33.bxc5 a5  1/2-1/2

[Event "e2e4 ch-IRL"]
[Site "Dublin IRL"]
[Date "2011.07.07"]
[Round "6"]
[White "Daly,C"]
[Black "Josse,Mar"]
[Result "1/2-1/2"]
[WhiteElo "2305"]
[BlackElo "2176"]

1.c4 Nf6 2.Nf3 g6 3.Nc3 Bg7 4.e4 d6 5.d4 O-O 6.Be2 e5 7.d5 a5 8.Bg5 Na6 9.h4 h6
10.Bxf6 Qxf6 11.h5 Bg4 12.Nd2 Nc5 13.Nb3 Bxe2 14.Qxe2 Nxb3 15.axb3 Qg5 16.g3 f5
17.hxg6 f4 18.Qh5 fxg3 19.Qxg5 gxf2+ 20.Ke2 hxg5 21.Rhf1 Rf4 22.Rxf2 Raf8
23.Rg2 b6 24.Rag1 g4 25.Kd3 Bh6 26.Nb5 Rf3+ 27.Kc2 Be3 28.Rxg4 Bxg1 29.Rxg1 Rf2+
30.Kb1 Rd2 31.Ka2 Rff2 32.Rb1 Rfe2 33.Nxc7 Rxe4 34.Ne8 Ree2 35.Nxd6 e4 36.Nf5 e3
37.d6 Rg2 38.Nxe3 Rxg6 39.Nf5 Rgg2 40.Ne7+ Kf7 41.Nc8 Ke6 42.Nxb6 Kxd6 43.Na4 Kc6
44.Rh1 Rh2 45.Rxh2 Rxh2 46.b4 axb4 47.Kb3 Rh3+ 48.Kxb4 Rh4 49.b3 Rg4 50.Nc5 Rg3
51.Ne4 Rh3 52.Nc3 Rg3 53.Nb5 Rg4 54.Na3 Rg8 55.Nc2 Rg4 56.Ka4 Rh4 57.Na3 Rh3
58.b4 Rc3 59.c5 Rxc5 60.bxc5  1/2-1/2

[Event "5th Varna Open"]
[Site "Golden Sands BUL"]
[Date "2011.07.07"]
[Round "6"]
[White "Spassov,L"]
[Black "Isgandarova,K"]
[Result "1/2-1/2"]
[WhiteElo "2379"]
[BlackElo "2163"]

1.d4 Nf6 2.c4 g6 3.Nc3 Bg7 4.e4 d6 5.Be2 O-O 6.Nf3 e5 7.Be3 exd4 8.Nxd4 Re8
9.f3 c6 10.Bf2 Nh5 11.Qd2 Nd7 12.O-O Nc5 13.Rad1 Be5 14.g3 Bh3 15.Rfe1 Qf6
16.Bf1 Bxf1 17.Rxf1 Qe7 18.Rfe1 Rad8 19.Kg2 Ng7  1/2-1/2